000 00314nam a2200133Ia 4500
008 210210b1974 xxu||||| |||| 00| 0 eng d
082 _a301 BRAS
100 _aBRAUDE (Lee).
245 _aSense of sociology.
260 _aNY
_bPraeger Publishers
_c1974
300 _ax,150
690 _aSociology
906 _a040901
999 _c90916
_d90916